| 000 | 02013cam a2200529 a 4500 | ||
|---|---|---|---|
| 001 | 20164 | ||
| 003 | VRT | ||
| 005 | 20260117150021.0 | ||
| 008 | 240226s2003 xo oal grfn 001 0 slo | ||
| 015 | _aSNBA2006/06-03115 | ||
| 020 |
_a8088719194 _q(viazané) |
||
| 035 | _aSNK000432884 | ||
| 035 | _aurn:nbn:sk:snk-am3j2u0 | ||
| 035 | _a91778F0E-7771-4005-A648-18E02A654D9F | ||
| 035 | _aurn:nbn:sk:snk-am00gl5x | ||
| 039 | 9 |
_a202402261512 _bVLOAD _c202205091537 _dVLOAD _c202204221235 _dVLOAD _c202112190817 _dmsnk134 |
|
| 040 |
_aSNK _bslo _cSNK _eAACR2 |
||
| 041 | 1 |
_aslo _heng |
|
| 044 |
_axo _cSK |
||
| 072 | 7 |
_a613 _xHygiena. Ľudské zdravie _2konspekt |
|
| 080 |
_a613 _22011 |
||
| 080 |
_a(035) _22011 |
||
| 080 |
_a613.2 _22011 |
||
| 100 | 1 |
_aPamplona Roger, Jorge D. _4aut |
|
| 240 | 1 | 0 |
_aHealthy foods _lSlovensky |
| 245 | 1 | 0 |
_aZdravie a sila v potrave _bkniha o správnom a nesprávnom výbere toho, čo jeme _cGeorge D. Pamplona-Roger |
| 250 | _a1. vyd. | ||
| 260 |
_aVrútky _bAdvent-Orion _c2003 |
||
| 300 |
_a383 strán _bfarebné fotografie, ilustrácie, tabuľky _c24 cm |
||
| 490 | 1 | _aŽivot a zdravie | |
| 500 | _aFarebná fotografia na titulnej strane | ||
| 500 | _aPravdepodobne preložené z angličtiny | ||
| 504 | _aBibliografia na strane 369-375 ; register ; zoznam skratiek | ||
| 650 | 0 | 7 |
_azdravá výživa _2SNKPH |
| 650 | 0 | 7 |
_aživotospráva _2SNKPH |
| 650 | 0 | 7 |
_aracionálna výživa _2SNKPH |
| 655 | 7 |
_apríručky _2SNKPH |
|
| 830 | 0 | _aŽivot a zdravie | |
| 910 | _asnk | ||
| 942 |
_2ddc _cOLDO _n0 |
||
| 949 |
_62889122726 _asavukPV 7328 |
||
| 949 |
_617A0435288 _asnkSC 116406 _bsnkKSP 8574/2004 _s6100:20210720 |
||
| 949 |
_617A0435289 _9snkPAM 613.2 _asnkSC 116406 D1 _bsnkKSP 8575/2004 |
||
| 949 |
_6270001000249224 _asvkbbB 35941 _bsvkbbm 656449 _p656.449 |
||
| 949 |
_63869A17978 _abpksh613 _bbpksh60387 |
||
| 949 |
_6273K0100234 _asvkpoB 73824 _bsvkpo473668 _oPoškodená väzba vo vnútri dokumentu _qPoškodená väzba vo vnútri _rPoškodená väzba vo vnútri |
||
| 999 |
_c20164 _d20164 |
||